00366nam a22001337a 450000500170000000800410001704100130005808200130007110000130008424500440009726000350014130000300017665000260020620240429092858.0240429b |||||||| |||| 00| 0 eng d aEnglish  a349 LAW  lEnglish  aThe Law Reports: King's Bench Division  aLondon:bLincoln's Inn, c1916 bxxxv,1038 pages; c25 cm. aLegal practice bLaw